[Event "Rhein Main op-A 20th"]
[Site "Bad Homburg"]
[Date "2017.06.17"]
[Round "6"]
[White "Lenz, Jonas"]
[Black "Ottway, Christopher"]
[Result "1/2-1/2"]
[WhiteElo "2055"]
[BlackElo "1956"]
[PlyCount "26"]
[EventDate "2017.06.14"]
[EventType "swiss"]
[EventRounds "7"]
[EventCountry "GER"]
[SourceTitle "EXT 2018"]
[Source "ChessBase"]
[SourceDate "2017.10.13"]
[SourceVersion "1"]
[SourceVersionDate "2017.10.13"]
[SourceQuality "1"]

1. d4 d6 2. Nf3 Nf6 3. c4 c6 4. g3 Nbd7 5. Bg2 e5 6. d5 cxd5 7. cxd5 Be7 8. Nc3 0-0 9. 0-0 a5 10. h3 Nc5 11. b3 Nfd7 12. e4 b6 13. Ne1 Ba6 1/2-1/2

[Event "Wiesbaden op 24th"]
[Site "Wiesbaden"]
[Date "2012.08.26"]
[Round "6"]
[White "Ottway, Christopher"]
[Black "Werner, Dimo"]
[Result "1/2-1/2"]
[WhiteElo "1913"]
[BlackElo "2160"]
[PlyCount "25"]
[EventDate "2012.08.23"]
[EventType "swiss"]
[EventRounds "7"]
[EventCountry "GER"]
[SourceTitle "CBM 150 Extra"]
[Source "ChessBase"]
[SourceDate "2012.10.19"]
[SourceVersion "1"]
[SourceVersionDate "2012.10.19"]
[SourceQuality "1"]

1. e4 c5 2. c3 d5 3. exd5 Qxd5 4. d4 e6 5. Nf3 Nf6 6. h3 Nc6 7. Be3 cxd4 8. cxd4 Be7 9. Be2 0-0 10. Nc3 Qd8 11. 0-0 Nd5 12. Nxd5 exd5 13. Rc1 1/2-1/2

[Event "Rhein Main op-A 15th"]
[Site "Bad Homburg"]
[Date "2012.06.09"]
[Round "6"]
[White "Ottway, Christopher"]
[Black "Belz, Frank Martin"]
[Result "1/2-1/2"]
[WhiteElo "1900"]
[BlackElo "2006"]
[PlyCount "27"]
[EventDate "2012.06.06"]
[EventType "swiss"]
[EventRounds "7"]
[EventCountry "GER"]
[SourceTitle "EXT 2013"]
[Source "ChessBase"]
[SourceDate "2012.11.22"]
[SourceVersion "1"]
[SourceVersionDate "2012.11.22"]
[SourceQuality "1"]

1. c4 c6 2. g3 d5 3. Nf3 dxc4 4. Bg2 b5 5. a4 Bb7 6. b3 cxb3 7. Qxb3 a6 8. axb5 axb5 9. Rxa8 Bxa8 10. Ba3 Bb7 11. Nc3 e6 12. Bxf8 Kxf8 13. 0-0 Nd7 14. Rb1 1/2-1/2

[Event "Staufer op 23rd"]
[Site "Leinzell"]
[Date "2011.01.02"]
[Round "1"]
[White "Petrova, Kristyna"]
[Black "Ottway, Christopher"]
[Result "1/2-1/2"]
[WhiteElo "2297"]
[BlackElo "1863"]
[PlyCount "74"]
[EventDate "2011.01.02"]
[EventType "swiss"]
[EventRounds "9"]
[EventCountry "GER"]
[SourceTitle "CBM 140 Extra"]
[Source "ChessBase"]
[SourceDate "2011.03.01"]
[SourceVersion "1"]
[SourceVersionDate "2011.03.01"]
[SourceQuality "1"]

1. e4 g6 2. d4 Bg7 3. Nc3 d6 4. Be3 a6 5. f4 e6 6. Nf3 b6 7. Bd3 Ne7 8. Ne2 c5 9. c3 Nbc6 10. 0-0 0-0 11. Qe1 f5 12. Rd1 Qc7 13. Bf2 Bb7 14. Ng5 Nd8 15. Ng3 h6 16. Nf3 fxe4 17. Nxe4 d5 18. Ned2 Nf5 19. Ne5 Bxe5 20. fxe5 cxd4 21. cxd4 Nc6 22. Nf3 Qg7 23. Qd2 Rf7 24. a3 g5 25. g4 Nfe7 26. Be3 Raf8 27. Ne1 Ng6 28. Rxf7 Rxf7 29. Bxg6 Qxg6 30. Qd3 Kg7 31. Qxg6+ Kxg6 32. b4 Na7 33. Rc1 Nb5 34. a4 Na3 35. Rc3 Nc4 36. Bc1 Bc6 37. b5 axb5 1/2-1/2

[Event "Karl Mala Memorial op 12th"]
[Site "Frankfurt"]
[Date "2009.07.18"]
[Round "5"]
[White "Panzer, Jan"]
[Black "Ottway, Christopher"]
[Result "0-1"]
[WhiteElo "1482"]
[BlackElo "1870"]
[PlyCount "58"]
[EventDate "2009.07.16"]
[EventType "swiss"]
[EventRounds "7"]
[EventCountry "GER"]
[SourceTitle "EXT 2010"]
[Source "ChessBase"]
[SourceDate "2010.11.25"]
[SourceVersion "1"]
[SourceVersionDate "2010.11.25"]
[SourceQuality "1"]

1. g3 g6 2. e3 Bg7 3. d3 d5 4. Bg2 Nf6 5. Nd2 e5 6. Ne2 0-0 7. 0-0 Nc6 8. h3 Be6 9. Kh2 Qd7 10. f4 Ne8 11. e4 f5 12. c3 Rd8 13. fxe5 dxe4 14. d4 Bxe5 15. Nb3 b6 16. Nf4 Bf7 17. Qe2 Bg7 18. Be3 Nf6 19. Rad1 Nd5 20. Nxd5 Qxd5 21. Nc1 Qc4 22. Qc2 Nxd4 23. Bxd4 Bxd4 24. Rxd4 Rxd4 25. b3 Qc6 26. Nd3 Rd6 27. Ne5 Qd5 28. Nc4 Rd7 29. Ne3 Qd3 0-1

[Event "Karl Mala Memorial op 11th"]
[Site "Frankfurt"]
[Date "2008.06.29"]
[Round "6"]
[White "Ottway, Christopher"]
[Black "Henrich, David"]
[Result "1-0"]
[WhiteElo "1758"]
[BlackElo "1378"]
[PlyCount "29"]
[EventDate "2008.06.26"]
[EventType "swiss"]
[EventRounds "7"]
[EventCountry "GER"]
[SourceTitle "CBM 125 Extra"]
[Source "ChessBase"]
[SourceDate "2008.09.01"]
[SourceVersion "1"]
[SourceVersionDate "2008.09.01"]
[SourceQuality "1"]

1. e4 c5 2. Nc3 d6 3. g3 Nc6 4. Bg2 g6 5. d3 Bg7 6. Be3 Rb8 7. f4 e5 8. Nge2 f5 9. 0-0 Nge7 10. Qd2 0-0 11. fxe5 Nxe5 12. Bh6 Ng4 13. Bxg7 Kxg7 14. Nf4 Kg8 15. Rae1 1-0

[Event "Karl Mala Memorial op 11th"]
[Site "Frankfurt"]
[Date "2008.06.27"]
[Round "3"]
[White "Meusel, Susann"]
[Black "Ottway, Christopher"]
[Result "0-1"]
[WhiteElo "953"]
[BlackElo "1758"]
[PlyCount "88"]
[EventDate "2008.06.26"]
[EventType "swiss"]
[EventRounds "7"]
[EventCountry "GER"]
[SourceTitle "CBM 125 Extra"]
[Source "ChessBase"]
[SourceDate "2008.09.01"]
[SourceVersion "1"]
[SourceVersionDate "2008.09.01"]
[SourceQuality "1"]

1. e4 Nf6 2. Nc3 d5 3. exd5 Nxd5 4. Nxd5 Qxd5 5. d4 Nc6 6. Nf3 Bg4 7. Be2 0-0-0 8. h3 Bxf3 9. Bxf3 Qxd4 10. Qxd4 Nxd4 11. Be4 f5 12. Bd3 g6 13. Be3 Bg7 14. 0-0-0 a6 15. Rhe1 Rhe8 16. Bg5 Nc6 17. f4 Rd6 18. Bc4 Rxd1+ 19. Rxd1 Bf6 20. Be6+ Kb8 21. Bd7 Rd8 22. Bxf6 exf6 23. Bxc6 Rxd1+ 24. Kxd1 bxc6 25. h4 h6 26. g3 Kb7 27. Kd2 Kb6 28. Kd3 Kc5 29. c3 a5 30. a4 Kd5 31. b3 c5 32. b4 cxb4 33. cxb4 axb4 34. Kc2 c5 35. Kb3 Kc6 36. a5 Kb5 37. a6 Kxa6 38. Kc4 Ka5 39. Kxc5 b3 40. Kd5 b2 41. Ke6 b1Q 42. Kxf6 Qb6+ 43. Kg7 h5 44. Kh7 Kb5 0-1

[Event "Karl Mala Memorial op 11th"]
[Site "Frankfurt"]
[Date "2008.06.27"]
[Round "2"]
[White "Ottway, Christopher"]
[Black "Minor, Samuel"]
[Result "0-1"]
[WhiteElo "1758"]
[BlackElo "2165"]
[PlyCount "56"]
[EventDate "2008.06.26"]
[EventType "swiss"]
[EventRounds "7"]
[EventCountry "GER"]
[SourceTitle "CBM 125 Extra"]
[Source "ChessBase"]
[SourceDate "2008.09.01"]
[SourceVersion "1"]
[SourceVersionDate "2008.09.01"]
[SourceQuality "1"]

1. e4 c5 2. Nc3 Nc6 3. g3 g6 4. Bg2 Bg7 5. d3 d6 6. Be3 e6 7. Qd2 Nd4 8. Nf3 Ne7 9. 0-0 Rb8 10. Bxd4 cxd4 11. Ne2 Nc6 12. Nh4 0-0 13. f4 f5 14. exf5 gxf5 15. Rae1 Qb6 16. b3 Bd7 17. Kh1 a5 18. Ng1 Rbe8 19. Ngf3 Nb4 20. a3 Nd5 21. Ng5 Ne3 22. Rf2 Nxg2 23. Nxg2 e5 24. Rfe2 Bc6 25. h3 h6 26. fxe5 dxe5 27. h4 hxg5 28. Qxg5 Qd8 0-1

[Event "Giessen-ch"]
[Site "Giessen"]
[Date "2008.03.14"]
[Round "4"]
[White "Ottway, Christopher"]
[Black "Driftmann, Christoph"]
[Result "0-1"]
[WhiteElo "1630"]
[BlackElo "2006"]
[PlyCount "62"]
[EventDate "2008.02.01"]
[EventType "swiss"]
[EventRounds "7"]
[EventCountry "GER"]
[SourceTitle "EXT 2010"]
[Source "ChessBase"]
[SourceDate "2010.11.25"]
[SourceVersion "1"]
[SourceVersionDate "2010.11.25"]
[SourceQuality "1"]

1. c4 e5 2. g3 Nf6 3. Bg2 Nc6 4. Nc3 Bb4 5. d3 0-0 6. Bd2 d6 7. Nf3 Bg4 8. 0-0 Bxc3 9. Bxc3 Re8 10. Qc2 Qd7 11. Rfe1 Qf5 12. Nh4 Qd7 13. Nf3 Bh3 14. Bh1 a5 15. a3 a4 16. d4 Bf5 17. Qc1 Be4 18. d5 Na5 19. Bxa5 Rxa5 20. Qe3 b5 21. Qc3 Rea8 22. Nd2 Bxh1 23. Kxh1 bxc4 24. e4 Rc5 25. Rac1 c6 26. Nxc4 cxd5 27. exd5 Qc7 28. Red1 Rc8 29. Qb4 Rxc4 30. Rxc4 Qxc4 31. Qxd6 Ne4 0-1

[Event "Giessen-ch"]
[Site "Giessen"]
[Date "2008.02.01"]
[Round "1"]
[White "Meuser, Tobias"]
[Black "Ottway, Christopher"]
[Result "0-1"]
[WhiteElo "1327"]
[BlackElo "1630"]
[PlyCount "40"]
[EventDate "2008.02.01"]
[EventType "swiss"]
[EventRounds "7"]
[EventCountry "GER"]
[SourceTitle "EXT 2010"]
[Source "ChessBase"]
[SourceDate "2010.11.25"]
[SourceVersion "1"]
[SourceVersionDate "2010.11.25"]
[SourceQuality "1"]

1. e4 Nf6 2. e5 Nd5 3. d4 d6 4. c4 Nb6 5. exd6 cxd6 6. Nf3 g6 7. Bd3 Bg7 8. 0-0 0-0 9. Be3 Nc6 10. Nc3 Bg4 11. h3 Bxf3 12. Qxf3 Qc7 13. d5 Ne5 14. Qe2 Nxd3 15. Bxb6 Qxc4 16. Rad1 Nxb2 17. Qxb2 Bxc3 18. Qc2 axb6 19. Rd3 Rfc8 20. Rc1 Ra3 0-1

[Event "Bad Zwesten op 8th"]
[Site "Bad Zwesten"]
[Date "2004.01.04"]
[Round "4"]
[White "Ottway, Christopher"]
[Black "Stange, Joerg"]
[Result "0-1"]
[WhiteElo "1265"]
[BlackElo "1502"]
[PlyCount "80"]
[EventDate "2004.01.??"]
[EventType "swiss"]
[EventRounds "9"]
[EventCountry "GER"]
[SourceTitle "CBM 098 Extra"]
[Source "ChessBase"]
[SourceDate "2004.03.10"]
[SourceVersion "2"]
[SourceVersionDate "2004.03.10"]
[SourceQuality "1"]

1. e4 e5 2. Nf3 Nf6 3. Nc3 Bb4 4. Bc4 d6 5. d3 Nc6 6. 0-0 Na5 7. Bb3 Nxb3 8. axb3 h6 9. Be3 Bxc3 10. bxc3 Bg4 11. h3 Bh5 12. g4 Bg6 13. Nh4 Bh7 14. Nf5 Bxf5 15. exf5 Nd5 16. Qf3 c6 17. Ra4 Nxc3 18. Rxa7 Rxa7 19. Bxa7 h5 20. Be3 hxg4 21. Qxg4 Qh4 22. Kg2 Ne2 23. Ra1 Qxg4+ 24. hxg4 Kd7 25. Bb6 c5 26. Ba5 Nf4+ 27. Kg1 Rh4 28. f3 Rh3 29. Kf2 Rh2+ 30. Kg3 Rg2+ 31. Kh4 Rxc2 32. b4 Nxd3 33. bxc5 Nxc5 34. Rb1 Kc6 35. Rh1 f6 36. Kh5 Rf2 37. Rh3 Nd3 38. Rg3 Nf4+ 39. Kh4 Rh2+ 40. Rh3 Rxh3# 0-1

[Event "Bad Zwesten op 8th"]
[Site "Bad Zwesten"]
[Date "2004.01.03"]
[Round "3"]
[White "Halt, David"]
[Black "Ottway, Christopher"]
[Result "1-0"]
[WhiteElo "1636"]
[BlackElo "1265"]
[PlyCount "47"]
[EventDate "2004.01.??"]
[EventType "swiss"]
[EventRounds "9"]
[EventCountry "GER"]
[SourceTitle "CBM 098 Extra"]
[Source "ChessBase"]
[SourceDate "2004.03.10"]
[SourceVersion "2"]
[SourceVersionDate "2004.03.10"]
[SourceQuality "1"]

1. e4 d6 2. d4 g6 3. c4 Bg7 4. Nc3 e6 5. Be3 Ne7 6. Bd3 b6 7. Nge2 0-0 8. 0-0 c5 9. d5 Nd7 10. dxe6 fxe6 11. f4 Nb8 12. Rb1 Nbc6 13. a3 d5 14. cxd5 exd5 15. exd5 Nxd5 16. Bc4 Be6 17. Nxd5 Nd4 18. Nec3 b5 19. Ba2 a5 20. Nxb5 Nxb5 21. Bxc5 Rf5 22. Ne7+ Kf7 23. Bxe6+ Kxe6 24. Qb3+ 1-0

[Event "Bad Zwesten op 8th"]
[Site "Bad Zwesten"]
[Date "2004.01.03"]
[Round "2"]
[White "Ottway, Christopher"]
[Black "Ehemann, Pascal"]
[Result "0-1"]
[WhiteElo "1265"]
[BlackElo "1769"]
[PlyCount "36"]
[EventDate "2004.01.??"]
[EventType "swiss"]
[EventRounds "9"]
[EventCountry "GER"]
[SourceTitle "CBM 098 Extra"]
[Source "ChessBase"]
[SourceDate "2004.03.10"]
[SourceVersion "2"]
[SourceVersionDate "2004.03.10"]
[SourceQuality "1"]

1. e4 c5 2. Nc3 Nc6 3. d3 e5 4. f4 Nf6 5. Nf3 d6 6. Ne2 Be7 7. c3 Qc7 8. d4 0-0 9. Ng3 cxd4 10. cxd4 Bg4 11. dxe5 dxe5 12. fxe5 Nxe5 13. Be2 Rad8 14. Qb3 Nxf3+ 15. Bxf3 Qa5+ 16. Kf2 Be6 17. Qxb7 Bc5+ 18. Ke2 Bc4# 0-1